Statistics for Largest Railway stations in Belgium

Click here to take the quiz!

General Stats

  • This quiz has been taken 239 times
  • The average score is 37 of 100

Answer Stats

Nr.Number of PassengersAnswer% Correct
534.998Antwerpen Centraal
93%
259.928Brussel Centraal
93%
161.179Brussel Noord
93%
358.461Brussel Zuid
93%
1018.506Brugge
90%
820.886Mechelen
83%
456.314Gent Sint-Pieters
82%
634.267Leuven
81%
217.572Oostende
80%
920.156Namur
77%
247.059Hasselt
76%
237.081Aalst
74%
169.081Kortrijk
74%
1215.378Antwerpen Berchem
68%
1117.735Liege Guillemins
61%
178.502Mons
61%
227.255Sint-Niklaas
57%
443.573Arlon
56%
198.181Brussel Airport-Zaventem
53%
1311.869Charleroi Sud
53%
335.652Dendermonde
52%
841.608Turnhout
52%
305.709Aarschot
49%
791.666Blankenberge
49%
355.181Gent Dampoort
49%
295.766Lier
49%
207.907Brussel Schuman
48%
188.393Halle
48%
602.381Antwerpen Zuid
47%
159.113Brussel Luxemburg
46%
652.220Mol
46%
532.821Roeselare
46%
257.017Tournai
46%
364.587Lokeren
45%
374.548Tienen
45%
275.842Vilvoorde
45%
881.567Zaventem
45%
632.247Deinze
40%
722.567Ottignies
40%
502.874Diest
38%
285.780Louvain-la-Neuve
38%
423.854Oudenaarde
38%
149.753Denderleeuw
37%
562.711Waregem
36%
991.320Dinant
35%
522.855Schaarbeek
35%
851.606Sint Truiden
35%
692.070Aalter
34%
801.660Geel
34%
345.614Ath
33%
433.698Herentals
33%
512.858Geraardsbergen
31%
463.192Landen
31%
404.268Nivelles
31%
861.605De Pinte
28%
394.286Zottegem
28%
473.140Lichtervelde
27%
315.696Braine-l'Alleud
26%
266.681Etterbeek
26%
592.392Huy
26%
572.599Wetteren
26%
483.064Jette
25%
741.806Moeskroen
25%
682.155Waterloo
25%
731.836Mechelen Nekkerspoel
24%
821.639Welkenraedt
24%
414.225Verviers Central
23%
325.681Gembloux
22%
751.785Heist op den Berg
22%
552.746La-Louviere Sud
22%
981.322Ninove
22%
711.927Torhout
20%
662.205Ciney
18%
672.166Libramont
18%
384.381Braine-le Comte
17%
492.964Tubize
17%
453.235Edingen
16%
971.336Izegem
16%
891.486Andenne
15%
951.353Diegem
15%
721.888Liedekerke
15%
921.390Liege Carre
15%
941.365Noorderkempen
14%
761.722Jurbise
13%
771.700Marloie
13%
612.378Saint Ghislain
12%
582.588Soignies
11%
622.283Waremme
11%
642.222Luttre
10%
811.643Rixensart
9%
901.449Lede
8%
702.046Leuze
8%
961.347Tamines
8%
781.668Genval
7%
1001.300Bordet
6%
931.374Silly
6%
911.415La Hulpe
5%
871.577Sint Genesius Rode
4%
542.770Liege Sint-Lambertus
2%
831.622Marchienne-au-Port
0%

Score Distribution

Percentile by Number Answered

Percent of People with Each Score

Your Score History

You have not taken this quiz